[Event "It (w)"]
[Site "masterchessopen.com Bucharest (Romania)"]
[Round "4"]
[White "Vajda Szidonia (HUN)"]
[Black "Iosif Cristina (ROM)"]
[Result "1-0"]
[WhiteElo "2375"]
[BlackElo "2185"]

1.e4 c5 2.Nf3 e6 3.d4 cxd4 4.Nxd4 Nf6 5.Nc3 d6 6.Be2 a6 7.O-O Qc7 8.f4 Be7
9.Kh1 O-O 10.a4 b6 11.Bf3 Bb7 12.f5 e5 13.Nde2 Rc8 14.g4 d5 15.exd5 e4 16.Bg2
Nxg4 17.Ng3 Nf6 18.Ngxe4 Nxe4 19.Nxe4 Qxc2 20.Qg4 h5 21.Qxh5 Bxd5 22.Qg4 Nd7
23.Bh6 Bf8 24.Bxg7 Bxg7 25.f6 Nxf6 26.Nxf6+ {#r} 1-0

[Event "It"]
[Site "masterchessopen.com Goetzis (Austria)"]
[Round "9"]
[White "Amann Guenter (AUT)"]
[Black "Arnold Lothar (GER)"]
[Result "0-1"]
[WhiteElo "2353"]
[BlackElo "2350"]

1.e4 c5 2.Nf3 e6 3.d4 cxd4 4.Nxd4 a6 5.Nc3 Qc7 6.Be2 Nf6 7.O-O d6 8.a4 Be7
9.Be3 Nc6 10.f4 O-O 11.Kh1 Re8 12.Bf3 Bd7 13.Nb3 b6 14.g4 Bc8 15.g5 Nd7 16.Bg2
Bb7 17.Qh5 Bf8 18.Rf3 g6 19.Qh4 Nb4 20.Nd4 Bg7 21.Rh3 Nf8 22.f5 exf5 23.exf5
Rxe3 24.Rxe3 Bxg2+ 25.Kxg2 Bxd4 26.Qxd4 Nxc2 27.Nd5 Qc6 {#R} 0-1

[Event "It (open)"]
[Site "masterchessopen.com Graz (Austria)"]
[Round "5"]
[White "Genser Harald (AUT)"]
[Black "Wallner Joachim (AUT)"]
[Result "1-0"]
[WhiteElo "2291"]
[BlackElo "2333"]

1.e4 c5 2.Nf3 d6 3.d4 cxd4 4.Nxd4 Nf6 5.Nc3 a6 6.Be2 e6 7.O-O Qc7 8.f4 Be7
9.Be3 b5 10.Bf3 Bb7 11.e5 dxe5 12.Bxb7 Qxb7 13.fxe5 Nfd7 14.Qg4 g5 15.Qh5 Nxe5
16.Nxe6 Nbd7 17.Ng7+ Kf8 18.Nf5 h6 19.Nxe7 Kxe7 20.Rad1 Rac8 21.Nd5+ Ke8 22.c3
Rc4 23.Bxg5 Rg4 24.Bf4 {#r} 1-0

[Event "Cup Greece (team)"]
[Site "masterchessopen.com Greece"]
[Round "6"]
[White "Anagnostopoulos Dimitri (GRE)"]
[Black "Prentos Konstantinos (GRE)"]
[Result "1-0"]
[WhiteElo "2515"]
[BlackElo "2260"]

1.e4 c5 2.Nf3 d6 3.d4 cxd4 4.Nxd4 Nf6 5.Nc3 e6 6.Be2 a6 7.O-O Qc7 8.f4 Be7
9.Kh1 O-O 10.Qe1 Nc6 11.Be3 Bd7 12.Qg3 b5 13.a3 Nxd4 14.Bxd4 Bc6 15.Rae1 g6
16.f5 e5 17.Be3 Bxe4 18.fxg6 fxg6 19.Rxf6 Bxg2+ 20.Qxg2 Bxf6 21.Nd5 Qg7 22.Bf3
Rac8 23.Be4 Kh8 24.Qh3 Qg8 25.Rg1 Rc4 26.Rxg6 Bg7 27.Ne7 {#r} 1-0

[Event "Memorial J.Capablanca (d)"]
[Site "masterchessopen.com Habana (Cuba)"]
[Round "5"]
[White "Guedes Armando (VEN)"]
[Black "Perdomo Carlos Andres (COL)"]
[Result "0-1"]
[WhiteElo "2250"]
[BlackElo "2435"]

1.e4 c5 2.Nf3 e6 3.d4 cxd4 4.Nxd4 a6 5.Nc3 Qc7 6.Be2 Nf6 7.O-O d6 8.Kh1 Bd7
9.f4 Nc6 10.Be3 Be7 11.a3 O-O 12.Qe1 Na5 13.Qg3 Nc4 14.e5 dxe5 15.fxe5 Nxe3
16.Qxe3 Nd5 17.Nxd5 exd5 18.Bd3 Rae8 19.Qf4 Qb6 20.Bf5 Bxf5 21.Nxf5 Qe6 22.Rf3
Bc5 23.Rg3 g6 24.Nh6+ Kh8 25.Ng4 f5 26.Nf2 Bxf2 27.Qxf2 Qxe5 28.c3 Rf6 29.Rf3
Rfe6 30.h3 Qf6 31.Qc5 Re1+ 32.Rf1 R1e5 33.Rad1 Qc6 34.Qd4 Kg8 35.Qb4 Re2 {#R}
0-1

[Event "It (open) (a)"]
[Site "masterchessopen.com Hassloch (Germany)"]
[Round "2"]
[White "Kubitzek W"]
[Black "Schneider Bernd (GER)"]
[Result "1-0"]
[WhiteElo "2070"]
[BlackElo "2244"]

1.e4 c5 2.Nf3 e6 3.d4 cxd4 4.Nxd4 a6 5.Nc3 Qc7 6.Be2 Nf6 7.O-O d6 8.Be3 b5
9.a3 Bb7 10.Bd3 Nbd7 11.Qe2 Be7 12.f4 O-O 13.Kh1 g6 14.Rae1 Nc5 15.Bd2 e5
16.Nb3 exf4 17.Nxc5 Qxc5 18.Bxf4 Nh5 19.Bh6 Rfe8 20.Qf3 f6 21.Nd5 Bxd5 22.exd5
Bf8 23.Be3 Qc8 24.g4 Ng7 25.Qxf6 Qxg4 26.Qf7+ Kh8 27.Rf4 Qc8 28.Ref1 Qd8
29.Bd4 Rb8 30.Qa7 {#r} 1-0

[Event "It (open)"]
[Site "masterchessopen.com Ikaria (Greece)"]
[Round "5"]
[White "Walsh Chris (WLS)"]
[Black "Georgiev Krum (BUL)"]
[Result "0-1"]
[WhiteElo "2158"]
[BlackElo "2530"]

1.e4 c5 2.Nf3 d6 3.d4 cxd4 4.Nxd4 Nf6 5.Nc3 a6 6.Be2 e6 7.O-O Qc7 8.f4 Be7
9.Be3 b5 10.a3 Bb7 11.Bf3 Nbd7 12.Qe1 O-O 13.g4 Nc5 14.Bf2 g6 15.Qe3 e5
16.Nde2 Rfe8 17.f5 d5 18.exd5 e4 19.Bg3 Qb6 {#R} 0-1

[Event "Ch Russia (juniors) (under 18)"]
[Site "masterchessopen.com Kolontaevo (Russia)"]
[Round "6"]
[White "Zmeev Viktor (RUS)"]
[Black "Shakhov Aleksandr E (RUS)"]
[Result "0-1"]
[WhiteElo "2240"]
[BlackElo "2230"]

1.e4 c5 2.Nc3 e6 3.Nf3 a6 4.d4 cxd4 5.Nxd4 d6 6.Be2 Qc7 7.O-O Nf6 8.Be3 b5
9.a3 Bb7 10.Bd3 Nbd7 11.f4 Be7 12.Nb3 O-O 13.Qe2 Rac8 14.Rae1 Rfe8 15.g4 d5
16.e5 Ne4 17.Nb1 Nb6 18.c3 Nc4 19.Bd4 a5 20.Rc1 a4 21.Na1 Bc5 22.Nc2 Nxb2
23.Bxb5 Red8 24.Qe3 Qb6 25.Be2 Nc4 26.Qd3 Ba6 27.Nb4 Nxc3 28.Nxc3 Bxd4+ 29.Kh1
Bxc3 30.Nxa6 Bxe5 31.fxe5 Qxa6 32.Qh3 Qb7 33.Bd3 g6 34.Rb1 Qe7 35.Rf6 {#R} 0-1

[Event "Ch Europe (juniors) (under 12)"]
[Site "masterchessopen.com Tallinn (Estonia)"]
[Round "7"]
[White "Zarezenko Ilya (RUS)"]
[Black "Shanava Konstantine (GEO)"]
[Result "1-0"]
[WhiteElo "2150"]
[BlackElo "2562"]

1.e4 c5 2.Nf3 d6 3.d4 cxd4 4.Nxd4 Nf6 5.Nc3 a6 6.Be2 e6 7.O-O Qc7 8.a4 b6 9.f4
Bb7 10.Bf3 Nbd7 11.Kh1 Rd8 12.Qe2 Nc5 13.Bd2 Be7 14.Rae1 d5 15.exd5 Nxd5 16.f5
Nxc3 17.Bxc3 Nxa4 {#r} 1-0

[Event "It (open)"]
[Site "masterchessopen.com Vlissingen (Netherlands)"]
[Round "2"]
[White "Glek Igor V (GER)"]
[Black "Azadmanesh Moosa (NED)"]
[Result "1-0"]
[WhiteElo "2505"]
[BlackElo "2110"]

1.e4 c5 2.Nf3 d6 3.d4 cxd4 4.Nxd4 Nf6 5.Nc3 a6 6.Be2 e6 7.O-O Qc7 8.a4 b6 9.f4
Bb7 10.Bf3 Be7 11.e5 Nfd7 12.exd6 Bxd6 13.Bxb7 Qxb7 14.Nxe6 fxe6 15.Qxd6 Qc6
16.Qd4 Qc5 17.Qxc5 Nxc5 18.Re1 Kf7 19.b4 Ncd7 20.Ne4 h6 21.Bb2 Nf6 22.Nd6+ Ke7
23.Rad1 Nbd7 24.Nf5+ {#r} 1-0

[Event "It (open)"]
[Site "masterchessopen.com Wattens (Austria)"]
[Round "0"]
[White "Riedl Johannes (AUT)"]
[Black "Ritz Thomas (GER)"]
[Result "0-1"]
[WhiteElo "2149"]
[BlackElo "2085"]

1.e4 c5 2.Nf3 e6 3.d4 cxd4 4.Nxd4 a6 5.Nc3 Qc7 6.Be2 Nf6 7.O-O d6 8.a4 b6 9.f4
Bb7 10.Bf3 Nbd7 11.Nb3 Rc8 12.Qe1 e5 13.f5 h5 14.Be3 Bc6 15.h3 Qb7 16.Bf2 Nc5
17.Nxc5 bxc5 18.g4 hxg4 19.hxg4 Be7 20.g5 Nh5 21.g6 fxg6 22.fxg6 Nf4 23.Bg3
Qd7 24.Bxf4 exf4 25.Qe2 Rh3 26.Bg2 Rg3 27.Rxf4 Qh3 28.Raf1 Kd7 29.R1f3 Rh8
30.Qf2 Qh1# 0-1

[Event "It (open)"]
[Site "masterchessopen.com Bad Wiessee (Germany)"]
[Round "6"]
[White "Baeuml Ulrich (GER)"]
[Black "Jugow Alexander (GER)"]
[Result "0-1"]
[WhiteElo "2053"]
[BlackElo "2265"]

1.e4 c5 2.Nf3 e6 3.d4 cxd4 4.Nxd4 a6 5.Nc3 Qc7 6.Be2 Nf6 7.O-O d6 8.Be3 Nbd7
9.Qd2 b5 10.a3 Bb7 11.f3 Be7 12.Nb3 O-O 13.Rad1 Rfe8 14.Kh1 Rac8 15.Bf4 e5
16.Bg5 h6 17.Bh4 Red8 18.Qe3 Nb6 19.Na5 Ba8 20.Bf2 Rb8 21.f4 Na4 22.fxe5 dxe5
23.Qa7 Qxa7 24.Bxa7 Nxc3 25.Bxb8 Nxd1 26.Bxe5 Nxe4 27.Bxd1 Rxd1 {#R} 0-1

[Event "It (cat.7)"]
[Site "masterchessopen.com Budapest (Hungary)"]
[Round "9"]
[White "Glek Igor V (GER)"]
[Black "Rodriguez Lopez Rafael (ESP)"]
[Result "1-0"]
[WhiteElo "2580"]
[BlackElo "2345"]

1.e4 c5 2.Nf3 d6 3.d4 Nf6 4.Nc3 cxd4 5.Nxd4 a6 6.Be2 e6 7.O-O Qc7 8.a4 Be7
9.f4 O-O 10.Kh1 b6 11.Bf3 Bb7 12.f5 e5 13.Nde2 Nbd7 14.g4 h6 15.g5 hxg5
16.Bxg5 Rfc8 17.Rg1 Kf8 18.Qe1 Ke8 19.Qh4 Bf8 20.Qh8 b5 21.axb5 axb5 22.Rad1
Qb6 23.Bh4 b4 24.Nd5 Bxd5 25.exd5 Rxc2 26.Nd4 exd4 27.Rxg7 Ne5 28.Bxf6 Nxf3
29.Rh7 Rxh2+ 30.Rxh2 Nxh2 31.Re1+ Kd7 32.Qg8 {#r} 1-0

[Event "It (cat.7)"]
[Site "masterchessopen.com Clichy (France)"]
[Round "1"]
[White "Lamoureux Charles (FRA)"]
[Black "Relange Eloi (FRA)"]
[Result "0-1"]
[WhiteElo "2395"]
[BlackElo "2490"]

1.e4 c5 2.Nf3 d6 3.d4 cxd4 4.Nxd4 Nf6 5.Nc3 a6 6.Be2 e6 7.O-O Qc7 8.f4 Be7
9.Qe1 Nc6 10.Be3 Bd7 11.Qg3 O-O 12.Kh1 Nxd4 13.Bxd4 Bc6 14.Rae1 Rad8 15.e5
dxe5 16.Bxe5 Qb6 17.f5 Rd2 18.fxe6 fxe6 19.Bf3 Bd6 20.Ne4 Bxe5 21.Qxe5 Nxe4
22.Bxe4 Rdf2 23.Rg1 Bxe4 24.Qxe4 Qxb2 25.Qxe6+ Kh8 26.Rb1 Qxb1 {#R} 0-1

[Event "Ch Cyprus"]
[Site "masterchessopen.com Cyprus"]
[Round "0"]
[White "Constantinou Agathoclis (CYP)"]
[Black "Savva Panikos (CYP)"]
[Result "1-0"]
[WhiteElo "2070"]
[BlackElo "2067"]

1.e4 c5 2.Nf3 d6 3.d4 cxd4 4.Nxd4 Nf6 5.Nc3 e6 6.Be2 a6 7.O-O Qc7 8.a4 Nc6
9.Be3 Be7 10.Nb3 b6 11.f4 Bb7 12.Bf3 O-O 13.Kh1 Rac8 14.g4 d5 15.exd5 Rfd8
16.Qe2 Nxd5 17.Nxd5 exd5 18.c3 Bd6 19.Qf2 d4 20.Nxd4 Bxf4 21.Bxf4 Qxf4 22.Qg2
Qc7 23.Nf5 Na5 24.g5 Bxf3 25.Rxf3 Nc4 26.Nh6+ Kh8 27.Nxf7+ Kg8 28.Nxd8 Rxd8
29.Raf1 Ne5 30.Rf5 g6 31.Rf6 Qc4 32.R6f4 Qc5 33.Qe4 {#r} 1-0

[Event "Czech League 1997/98 (2nd)"]
[Site "masterchessopen.com Czech Republic"]
[Round "0"]
[White "Efler David (CZE)"]
[Black "Reznicek Jan (CZE)"]
[Result "1-0"]
[WhiteElo "2208"]
[BlackElo "2185"]

1.e4 c5 2.Nf3 e6 3.d4 cxd4 4.Nxd4 a6 5.Nc3 Qc7 6.Be2 Nf6 7.O-O d6 8.f4 Be7
9.Kh1 O-O 10.Qe1 Nc6 11.Be3 Bd7 12.Rd1 Nxd4 13.Bxd4 Bc6 14.Bd3 Rad8 15.Qe3 Qb8
16.Qg3 e5 17.fxe5 Nh5 18.Qf3 g6 19.Bb6 Rd7 20.Bc4 dxe5 21.Rxd7 Bxd7 22.Nd5 Bd6
23.g4 Nf4 24.Nf6+ {#r} 1-0

[Event "Olympiad"]
[Site "masterchessopen.com Elista (Russia)"]
[Round "10"]
[White "Cawdery Daniel (RSA)"]
[Black "Mahdia Farage (LBA)"]
[Result "1-0"]
[WhiteElo "2263"]
[BlackElo "2105"]

1.e4 c5 2.Nf3 e6 3.d4 cxd4 4.Nxd4 a6 5.Be2 Nf6 6.Nc3 Qc7 7.O-O d6 8.Be3 b5
9.a3 Bb7 10.f3 Nbd7 11.Qe1 Ne5 12.Rd1 Be7 13.Qg3 Nc4 14.Bxc4 bxc4 15.Qxg7 Rg8
16.Qh6 O-O-O 17.b4 Rg6 18.Qh3 Kb8 19.b5 a5 20.Nc6+ Bxc6 21.bxc6 Qxc6 22.Rb1+
Kc8 23.Rb6 Qa8 24.Rfb1 Nd7 25.Na4 Rdg8 26.g3 d5 27.Qf1 h5 28.Rb8+ Qxb8
29.Rxb8+ Nxb8 30.Nb6+ Kd8 31.Qd1 h4 32.exd5 exd5 33.Qxd5+ Rd6 34.Qb7 {#r} 1-0

[Event "Ch Netherlands (1/2 final)"]
[Site "masterchessopen.com Enschede (Netherlands)"]
[Round "2"]
[White "Barendse Ted (NED)"]
[Black "Hopman Pieter (NED)"]
[Result "1-0"]
[WhiteElo "2185"]
[BlackElo "2180"]

1.e4 c5 2.Nf3 e6 3.d4 cxd4 4.Nxd4 a6 5.Nc3 Qc7 6.Be2 Nf6 7.O-O d6 8.f4 Be7
9.Qe1 O-O 10.Bf3 Nbd7 11.Kh1 Re8 12.a4 Bf8 13.a5 e5 14.Nf5 d5 15.Qg3 g6
16.fxe5 dxe4 17.Nxe4 Nxe4 18.Bxe4 Qxe5 19.Bf4 Qxe4 20.Rae1 Nf6 21.Nh6+ Bxh6
22.Bxh6 Qb4 23.c3 Qxa5 24.Qh4 g5 25.Qd4 Qf5 {#r} 1-0

[Event "Bundesliga (2nd) West 1998/99"]
[Site "masterchessopen.com Germany"]
[Round "0"]
[White "Pernutz Hans-Gerhard (GER)"]
[Black "Gallinnis Norbert (GER)"]
[Result "0-1"]
[WhiteElo "2205"]
[BlackElo "2311"]

1.e4 c5 2.Nf3 d6 3.d4 cxd4 4.Nxd4 Nf6 5.Nc3 a6 6.Be2 e6 7.O-O Qc7 8.a4 Be7
9.Kh1 b6 10.f4 Bb7 11.Bf3 Nbd7 12.Qe1 O-O 13.f5 e5 14.Nde2 b5 15.Ng3 b4 16.Nd5
Nxd5 17.exd5 Qxc2 18.Be4 Qc4 19.Be3 Bh4 20.f6 g6 21.Bh6 Nxf6 22.Rxf6 Bxf6
23.Rc1 Qb3 24.Rc7 Bxd5 25.Bc2 Qxb2 26.Qf1 Bg7 27.Bxg7 Kxg7 28.Nh5+ gxh5 29.Qe1
Qd4 {#R} 0-1

[Event "Ch Ukraine (juniors) (under 14) (g)"]
[Site "masterchessopen.com Kiev (Ukraine)"]
[Round "0"]
[White "Ushenina Anna (UKR)"]
[Black "Doluhanova Evgeniya (UKR)"]
[Result "1-0"]
[WhiteElo "2462"]
[BlackElo "2250"]

1.e4 c5 2.Nf3 e6 3.d4 cxd4 4.Nxd4 Nf6 5.Nc3 d6 6.Be2 a6 7.O-O Qc7 8.f4 b5 9.a3
Bb7 10.Bf3 Nbd7 11.Kh1 Nc5 12.Qe1 Rd8 13.g4 d5 14.e5 Nfe4 15.b4 Na4 16.Nxa4
bxa4 17.Bb2 Rc8 18.Rc1 Nc3 19.f5 exf5 20.Nxf5 Ne4 21.c4 Qd7 22.Qe3 Rg8 23.c5
g6 24.Nd6+ Bxd6 25.cxd6 g5 26.Bxe4 dxe4 27.Rf5 h6 28.Rcf1 Qb5 29.Qd4 e3+
30.Kg1 Qe2 31.d7+ Kd8 {#r} 1-0

[Event "Cup Independence (open)"]
[Site "masterchessopen.com Kiev (Ukraine)"]
[Round "5"]
[White "Bondarchuk Sergei (UKR)"]
[Black "Kalashnik Vasiliy (UKR)"]
[Result "1-0"]
[WhiteElo "2300"]
[BlackElo "2061"]

1.e4 c5 2.Nf3 d6 3.d4 cxd4 4.Nxd4 Nf6 5.Nc3 a6 6.Be2 e6 7.O-O Qc7 8.f4 b5
9.Bf3 Bb7 10.e5 b4 11.Bxb7 Qxb7 12.exf6 bxc3 13.bxc3 gxf6 14.Qh5 Qb6 15.Be3
Qc5 16.Qf3 d5 17.Nxe6 Qxc3 18.Nxf8 Kxf8 19.f5 Qc6 20.Bh6+ Ke8 21.Rfe1+ Kd7
22.Rad1 d4 23.Rxd4+ {#r} 1-0

[Event "Cup Russia (open)"]
[Site "masterchessopen.com Krasnodar (Russia)"]
[Round "2"]
[White "Asrian Karen (ARM)"]
[Black "Bakhtadze Giorgi (GEO)"]
[Result "1-0"]
[WhiteElo "2600"]
[BlackElo "2395"]

1.e4 c5 2.Nf3 e6 3.d4 cxd4 4.Nxd4 a6 5.Nc3 Qc7 6.Be2 Nf6 7.O-O d6 8.a4 Be7
9.f4 Nc6 10.Be3 O-O 11.Kh1 Re8 12.Bf3 Bd7 13.Nb3 b6 14.g4 Bc8 15.g5 Nd7 16.Bg2
Bb7 17.Qh5 g6 18.Qh4 Bf8 19.Rad1 Nb4 20.Rd2 Rad8 21.Rf3 Nc5 22.Rh3 h6 23.gxh6
Kh7 24.f5 Be7 25.fxg6+ fxg6 26.Qg4 Nc6 27.Nxc5 bxc5 28.Qxe6 Ne5 29.Nd5 Bxd5
30.Qxd5 Rf8 31.Bg1 Rb8 32.Rb3 Rxb3 33.Qxb3 Rb8 34.Qa2 Qc8 35.Rf2 Bh4 {#r} 1-0

[Event "Ch World (juniors) (under 18)"]
[Site "masterchessopen.com Marina d'Or (Spain)"]
[Round "1"]
[White "Dominguez Lenier (CUB)"]
[Black "Gomez Lopez Rogelio (ESP)"]
[Result "1-0"]
[WhiteElo "2585"]
[BlackElo "2134"]

1.e4 c5 2.Nf3 d6 3.d4 cxd4 4.Nxd4 Nf6 5.Nc3 a6 6.Be2 e6 7.O-O Qc7 8.f4 Be7
9.a4 Nc6 10.Be3 Nxd4 11.Qxd4 e5 12.Qd2 exf4 13.Rxf4 Be6 14.Raf1 Rd8 15.Nd5
Bxd5 16.exd5 Rc8 17.Bd3 O-O 18.Bf5 Nd7 19.Bd4 Bf6 20.Bxf6 Nxf6 21.Bxc8 Rxc8
22.c4 Qb6+ 23.Kh1 Qb3 24.Qd4 Qxa4 25.Rxf6 gxf6 26.Qg4+ {#r} 1-0

[Event "Ch Spain (juniors) (under 20"]
[Site "masterchessopen.com Oropesa (Spain)"]
[Round "2"]
[White "Fluvia Poyatos Joan (ESP)"]
[Black "Prada Rivero Javier Jesus (ESP)"]
[Result "1-0"]
[WhiteElo "2295"]
[BlackElo "2059"]

1.e4 c5 2.Nf3 e6 3.d4 cxd4 4.Nxd4 Nf6 5.Nc3 d6 6.Be2 a6 7.O-O Qc7 8.f4 b5 9.e5
dxe5 10.fxe5 Nfd7 11.Kh1 Bb7 12.Bd3 Qxe5 13.Be4 Bxe4 14.Bf4 Bxg2+ 15.Kxg2 Qc5
16.Qf3 Ra7 17.Ndxb5 Ne5 18.Bxe5 Qxe5 19.Nxa7 Bd6 20.Rf2 O-O 21.Nc6 Nxc6
22.Qxc6 Bc5 23.Re2 Qg5+ 24.Kh1 {#r} 1-0

[Event "It (open)"]
[Site "masterchessopen.com Saint-Quentin (France)"]
[Round "8"]
[White "Martine Jean-Christophe (FRA)"]
[Black "Georgiev Krum (BUL)"]
[Result "0-1"]
[WhiteElo "2094"]
[BlackElo "2530"]

1.e4 c5 2.Nf3 d6 3.d4 cxd4 4.Nxd4 Nf6 5.Nc3 a6 6.Be2 e6 7.O-O Qc7 8.f4 Be7
9.Kh1 O-O 10.Bd3 Nc6 11.Be3 Nxd4 12.Bxd4 e5 13.Be3 exf4 14.Rxf4 Be6 15.Qf3 Nd7
16.Nd5 Bxd5 17.exd5 Ne5 18.Qe2 Bg5 19.Re4 Bxe3 20.Qxe3 g6 21.c4 f5 22.Rf4 Rae8
23.Qd4 Qg7 24.Bc2 Rc8 25.b3 b5 26.Re1 bxc4 27.bxc4 Rxc4 28.Qd2 Qh6 29.Ref1
Rxf4 30.Rxf4 Rc8 31.Bb3 Nd3 {#R} 0-1

[Event "Cup Punkosdi (seniors)"]
[Site "masterchessopen.com Sarvar (Hungary)"]
[Date "1998.05.22"]
[Round "1"]
[White "Lang Gusztav (HUN)"]
[Black "Barczay Laszlo (HUN)"]
[Result "0-1"]
[WhiteElo "2014"]
[BlackElo "2420"]

1.e4 c5 2.Nf3 d6 3.d4 cxd4 4.Nxd4 Nf6 5.Nc3 a6 6.Be2 e6 7.O-O Qc7 8.Nb3 Nbd7
9.f4 b5 10.a3 Bb7 11.Bf3 Rc8 12.Be3 Be7 13.Kh1 O-O 14.g4 d5 15.e5 Ne4 16.Bd4
Nb6 17.Na5 Ba8 18.Qe1 Na4 19.Nxa4 bxa4 20.Rc1 Bc5 21.Bxc5 Qxc5 22.c4 Qb6
23.Rb1 Rfd8 24.b4 axb3 25.cxd5 Nc3 26.Rxb3 Qxa5 27.d6 Bd5 {#R} 0-1

[Event "It (open)"]
[Site "masterchessopen.com Bad Zwesten (Germany)"]
[Round "3"]
[White "Goessling Guido (GER)"]
[Black "Baramidze David (GER)"]
[Result "1-0"]
[WhiteElo "2171"]
[BlackElo "2163"]

1.e4 c5 2.Nf3 e6 3.d4 cxd4 4.Nxd4 Nf6 5.Nc3 d6 6.Be2 a6 7.O-O Qc7 8.f4 Be7
9.Be3 O-O 10.g4 Nc6 11.g5 Nd7 12.f5 Nxd4 13.Qxd4 Qd8 14.f6 gxf6 15.gxf6 Nxf6
16.e5 dxe5 17.Qxe5 Ne8 18.Rad1 Qc7 19.Qh5 Ng7 20.Qh6 Bc5 21.Bxc5 Qxc5+ 22.Kh1
Bd7 23.Rxd7 Qc6+ 24.Rf3 Qxd7 25.Rh3 Nh5 26.Bxh5 f5 27.Bg6 Qc6+ 28.Kg1 Qc5+
29.Kf1 Qc4+ 30.Ke1 Qc7 31.Bxh7+ Kf7 32.Bg6+ Ke7 33.Qg7+ Kd6 34.Qd4+ Kc6
35.Qc4+ {#r} 1-0

[Event "It (open)"]
[Site "masterchessopen.com Calcutta (India)"]
[Round "1"]
[White "Sareen Vishal (IND)"]
[Black "Sasikiran Krishnan (IND)"]
[Result "0-1"]
[WhiteElo "2343"]
[BlackElo "2536"]

1.e4 c5 2.Nf3 d6 3.d4 cxd4 4.Nxd4 Nf6 5.Nc3 e6 6.Be2 a6 7.O-O Qc7 8.f4 Nc6
9.Be3 Be7 10.Kh1 O-O 11.Qe1 Nxd4 12.Bxd4 b5 13.a3 Bb7 14.Qg3 Bc6 15.Rae1 Qb7
16.Bd3 b4 17.Nd1 g6 18.Nf2 bxa3 19.bxa3 Nh5 20.Qe3 f6 21.Bc4 Ng7 22.Rb1 Qc8
23.Ba2 Kh8 24.Nd3 a5 25.c4 e5 26.Ba1 Qg4 27.c5 dxc5 28.fxe5 Bxe4 29.Rf2 Nf5
30.exf6 Bxf6 31.Bxf6+ Rxf6 32.Qxc5 Bxd3 33.Qc3 Qh4 34.Rf4 Ng3+ {#R} 0-1

[Event "It (open)"]
[Site "masterchessopen.com Calcutta (India)"]
[Round "5"]
[White "Zagrebelny Sergey (UZB)"]
[Black "Sundararajan Kidambi (IND)"]
[Result "1-0"]
[WhiteElo "2521"]
[BlackElo "2334"]

1.e4 c5 2.Nf3 d6 3.d4 cxd4 4.Nxd4 Nf6 5.Nc3 e6 6.Be2 a6 7.O-O Qc7 8.a4 Nc6
9.Be3 Be7 10.f4 O-O 11.Kh1 Re8 12.Qd2 Rb8 13.Rad1 Bd7 14.Nb3 Bc8 15.Bf3 b6
16.e5 dxe5 17.Bxc6 Qxc6 18.fxe5 Ne4 19.Nxe4 Qxe4 20.Qf2 Rf8 21.Rd4 Qg6 22.Qe2
f5 23.exf6 Bxf6 24.Rd6 Bb7 25.Rxb6 Be4 26.a5 Bxb2 27.Rxf8+ Rxf8 28.Nc5 Ba3
29.Nxe6 Rf6 30.Rb8+ Bf8 31.Nxf8 Rxf8 32.Qc4+ Qf7 33.Rxf8+ Kxf8 34.Qxe4 {#r}
1-0

[Event "It (open)"]
[Site "masterchessopen.com Chania (Greece)"]
[Round "4"]
[White "Radovanovic Dusan (SRB)"]
[Black "Siebrecht Sebastian (GER)"]
[Result "1-0"]
[WhiteElo "2298"]
[BlackElo "2379"]

1.e4 c5 2.Nf3 e6 3.d4 cxd4 4.Nxd4 a6 5.Be2 Nf6 6.Nc3 Qc7 7.O-O d6 8.f4 Nbd7
9.Bf3 Be7 10.a4 h6 11.f5 e5 12.Nb3 b6 13.Qe1 Bb7 14.Be3 g5 15.fxg6 fxg6 16.Qg3
g5 17.Qh3 O-O-O 18.a5 Kb8 19.axb6 Nxb6 20.Na5 Bc8 21.Qg3 Rdf8 22.Nd5 Nfxd5
23.exd5 Bd7 24.Nc6+ Bxc6 25.dxc6 d5 26.Rxa6 d4 27.Bxd4 exd4 28.Rxb6+ Kc8
29.Bg4+ {#r} 1-0

[Event "Czech League 1999/00 (2nd) (b) 1999/00"]
[Site "masterchessopen.com Czech Republic"]
[Round "0"]
[White "Zvara Petr (CZE)"]
[Black "Volak Michal (CZE)"]
[Result "0-1"]
[WhiteElo "2347"]
[BlackElo "2187"]

1.e4 c5 2.Nf3 d6 3.d4 cxd4 4.Nxd4 Nf6 5.Nc3 a6 6.Be2 Qc7 7.O-O e6 8.f4 b5 9.e5
b4 10.exf6 bxc3 11.Bf3 Bb7 12.bxc3 Nd7 13.Rb1 Bxf3 14.Qxf3 Rc8 15.f5 e5 16.Ne6
fxe6 17.Rb7 Qc6 18.f7+ Kd8 19.fxe6 Nf6 20.Be3 e4 21.Qf5 Qxb7 22.Bd4 Qb5
23.Bxf6+ gxf6 24.Qxf6+ Kc7 25.Qxh8 Qc5+ 26.Kh1 Qe5 27.Qxh7 Qxe6 28.Re1 Rb8
29.h4 d5 30.c4 e3 31.Qd3 Bd6 32.Qxd5 Qxd5 33.cxd5 Bg3 34.Rc1 e2 35.h5 Rf8 {#R}
0-1

[Event "Bundesliga 1998/99 (w)"]
[Site "masterchessopen.com Germany"]
[Round "7"]
[White "Koglin Anke (GER)"]
[Black "Beltz Martina (GER)"]
[Result "0-1"]
[WhiteElo "2261"]
[BlackElo "2178"]

1.e4 c5 2.Nf3 d6 3.d4 cxd4 4.Nxd4 Nf6 5.Nc3 e6 6.Be2 a6 7.O-O Qc7 8.a4 b6 9.f4
Bb7 10.Bf3 Nbd7 11.Kh1 Rc8 12.f5 e5 13.Nb3 Be7 14.Be3 Qc4 15.Qe1 h5 16.Bg1 h4
17.Rd1 Nh5 18.Bxh5 Rxh5 19.h3 Nf6 20.Nd2 Qb4 21.Rb1 Kf8 22.Rf3 Bc6 23.Qe2 Bb7
24.Bf2 d5 25.exd5 e4 26.Rf4 Bd6 27.Rxh4 Rxh4 28.Bxh4 e3 29.Nf3 Rxc3 30.Be1 Qc4
31.Qd1 Rxc2 32.b3 Qf1+ {#R} 0-1

[Event "Cup Yugoslavia (team)"]
[Site "masterchessopen.com Herceg Novi (Montenegro)"]
[Round "0"]
[White "Radovanovic Dusan (SRB)"]
[Black "Kocic Sasa (SRB)"]
[Result "1-0"]
[WhiteElo "2298"]
[BlackElo "2296"]

1.e4 c5 2.Nf3 d6 3.d4 cxd4 4.Nxd4 Nf6 5.Nc3 e6 6.Be2 a6 7.O-O Qc7 8.f4 Nc6
9.Be3 Be7 10.Qe1 O-O 11.Qg3 Nxd4 12.Bxd4 b5 13.a3 Bb7 14.Rae1 Bc6 15.Kh1 Qb7
16.Bd3 Rad8 17.Qh3 g6 18.f5 e5 19.Be3 a5 20.Bh6 Rfe8 21.fxg6 hxg6 22.Qf3 b4
23.axb4 axb4 24.Nd5 Bxd5 25.exd5 Qxd5 26.Qxd5 Nxd5 27.Bb5 f5 28.Bd2 Kf7 29.Bc4
Ke6 30.Bxb4 Rb8 31.c3 Rec8 32.Ba2 Rb5 33.Rd1 {#r} 1-0

[Event "Ch RLP (b)"]
[Site "masterchessopen.com Kettig (Germany)"]
[Round "3"]
[White "Daumen Michael (GER)"]
[Black "Sefeloge Michael (GER)"]
[Result "1-0"]
[WhiteElo "2111"]
[BlackElo "1850"]

1.e4 c5 2.Nf3 d6 3.d4 cxd4 4.Nxd4 Nf6 5.Nc3 a6 6.Be2 e6 7.O-O Qc7 8.a4 Nc6
9.Kh1 Be7 10.Be3 Bd7 11.f4 e5 12.Nf3 Ng4 13.Nd5 Qc8 14.Bg1 Bd8 15.Nd2 Nd4
16.Nc4 Qc6 17.Bxd4 exd4 18.Qxd4 Nf6 19.Nxf6+ Bxf6 20.Nxd6+ Kf8 21.e5 Bd8
22.Bf3 Qxc2 23.Rfc1 {#r} 1-0

[Event "It (open)"]
[Site "masterchessopen.com Linares (Spain)"]
[Round "4"]
[White "Asrian Karen (ARM)"]
[Black "Dumitrescu Dragos-Nicolae (ROM)"]
[Result "1-0"]
[WhiteElo "2575"]
[BlackElo "2394"]

1.e4 c5 2.Nf3 d6 3.d4 cxd4 4.Nxd4 Nf6 5.Nc3 e6 6.Be2 a6 7.O-O Qc7 8.a4 b6 9.f4
Nbd7 10.Bf3 Bb7 11.Qe2 e5 12.Nd5 Qc8 13.fxe5 dxe5 14.Nf5 h6 15.c4 g6 16.Nfe3
Bg7 17.Bd2 Nxd5 18.Nxd5 Bxd5 19.cxd5 O-O 20.Rac1 Qb7 21.b4 Rfc8 22.Bg4 Rxc1
23.Rxc1 Bf8 24.Rc6 b5 25.a5 Rc8 26.Qd3 {#r} 1-0